000 00149 a2200085 4500
041 _aspa
100 _aAnonimo
245 _aLos Carlitos 2
942 _cBK
999 _c15811
_d15811